000 01183cam a2200325 i 4500
001 24480
003 Mx-PuUPA
005 20250604100652.0
008 140415s1994 sp gr 000 0 spa d
017 _aM. 15.549-1994
020 _a8426904564
040 _aMx-PuUPA
_bspa
_cMx-PuUPA
_dMx-PuUPA
_erda
041 1 _aspa
_hfre
100 1 _aLeclerc, Éloi,
_d1921-2016
_917139
_eautor
240 1 0 _aSagése d' un pauvre.
_lEspañol.
245 1 0 _aExilio y ternura /
_cP. Eloi Leclerc ; la traducción ha sido realizada por Ana María Fraga y María José Martí
250 _aSegunda edición
264 1 _aMadrid, España :
_bEdiciones Marova,
_c©1994
300 _a247 páginas ;
_c18 cm
336 _2rdacontent
_atexto
_btxt
337 _2rdamedia
_asin medio
_bn
338 _2rdacarrier
_avolumen
_bnc
600 0 4 _aFrancisco, de Asís,
_cSanto,
_d1182 - 1226
700 1 _aFraga, Ana María,
_etraductor
700 1 _aMartí, María José,
_etraductor
765 0 _aLeclerc, Éloi,
_d[Francia?] : Les Editions Franciscaines,[1963?]
_tSagésse d'un pauvre.
942 _2ddc
_cLI
_h271.302
_iL4518
999 _c24480
_d24480